We the women-- for peace : (Record no. 42467)
[ view plain ]
| 000 -LEADER | |
|---|---|
| fixed length control field | 00713nam a22001697a 4500 |
| 008 - FIXED-LENGTH DATA ELEMENTS--GENERAL INFORMATION | |
| fixed length control field | 131104b xxu||||| |||| 00| 0 eng d |
| 050 ## - LIBRARY OF CONGRESS CALL NUMBER | |
| Classification number | JZ5578.2 |
| Item number | W48 2003 |
| 245 ## - TITLE STATEMENT | |
| Title | We the women-- for peace : |
| Remainder of title | peace could be the colour that people choose to wear- |
| Statement of responsibility, etc | Binyavanga Wainaina ... et al.]. |
| 260 ## - PUBLICATION, DISTRIBUTION, ETC. (IMPRINT) | |
| Place of publication, distribution, etc | Nairobi : |
| Name of publisher, distributor, etc | Heinrich Böll Foundation, East & Horn of Africa Region, | |
| Date of publication, distribution, etc | c2003. |
| 300 ## - PHYSICAL DESCRIPTION | |
| Extent | 59 p. : |
| Other physical details | ill. (some col.) ; |
| Dimensions | 21 cm. |
| 650 ## - SUBJECT ADDED ENTRY--TOPICAL TERM | |
| Topical term or geographic name as entry element | a Women and peace |z Africa, Eastern |v Exhibitions |
| 650 ## - SUBJECT ADDED ENTRY--TOPICAL TERM | |
| Topical term or geographic name as entry element | a Women artists |z Kenya |v Exhibitions. |
| 700 ## - ADDED ENTRY--PERSONAL NAME | |
| Personal name | Anne Nyabera, |
| Fuller form of name | ed. |
| 700 ## - ADDED ENTRY--PERSONAL NAME | |
| Personal name | Binyavanga Wainaina |
| Relator term | ed. |
| 710 ## - ADDED ENTRY--CORPORATE NAME | |
| Corporate name or jurisdiction name as entry element | Heinrich Böll Foundation (Nairobi, Kenya) |
| 942 ## - ADDED ENTRY ELEMENTS (KOHA) | |
| Source of classification or shelving scheme | Library of Congress Classification |
| Item type | Book |
| Withdrawn status | Lost status | Source of classification or shelving scheme | Damaged status | Not for loan | Collection code | Home library | Current library | Shelving location | Date acquired | Source of acquisition | Total Checkouts | Full call number | Barcode | Date last borrowed | Copy number | Price effective from | Koha item type | Total Renewals |
|---|---|---|---|---|---|---|---|---|---|---|---|---|---|---|---|---|---|---|
| Library of Congress Classification | Non-fiction | Bishop Okullu Memorial Library (Limuru Campus) | Bishop Okullu Memorial Library (Limuru Campus) | General Circulation | 04/11/2013 | Donation | 1 | JZ5578.2. W48 2003 | 037460 | 30/10/2014 | 1 | 04/11/2013 | Book | |||||
| Library of Congress Classification | Non-fiction | Nairobi Campus | Nairobi Campus | General Circulation | 04/11/2013 | Donation | 4 | JZ5578.2. W48 2003 | 037461 | 19/10/2019 | 2 | 04/11/2013 | Book | 1 |